See The Light Lyrics-Ghost - Statistics

General Stats
  • This quiz has been taken 60 times
  • The average score is 184 of 215
Answer Stats
Answer % Correct
I
100%
the
100%
a
96%
light
96%
of
96%
see
96%
you
96%
An
93%
have
93%
me
93%
to
93%
And
89%
and
89%
Then
89%
then
89%
you'll
89%
all
86%
eat
86%
Every
86%
Many
86%
many
86%
stronger
86%
that
86%
But
82%
compare
82%
day
82%
Drink
82%
drink
82%
grow
82%
hate
82%
sin
82%
with
82%
could
79%
feed
79%
I've
79%
demons
75%
in
75%
known
75%
None
75%
so
75%
witnessed
75%
befriended
71%
rat
71%
been
68%
one
68%
indeed
64%
between
61%
image
57%
stood
57%
dark
54%
obscene
54%
Often
54%
way
54%
flaunted
50%
grotesque
50%
these
50%
haunted
46%
roads
46%
roam
43%
thorn
43%
mind
39%
No matching quizzes found
Score Distribution
Percent of People with Each Score
Percentile by Number Answered
Your Score History
You have not taken this quiz